The development of dominion status, 1900-1936 / (Record no. 42013)
[ view plain ]
| 000 -LEADER | |
|---|---|
| fixed length control field | 00886nam a2200265 a 4500 |
| 001 - CONTROL NUMBER | |
| control field | 42013 |
| 003 - CONTROL NUMBER IDENTIFIER | |
| rucl marc code | BD-RjUL |
| 005 - DATE AND TIME OF LATEST TRANSACTION | |
| control field | 20211209053501.0 |
| 008 - FIXED-LENGTH DATA ELEMENTS--GENERAL INFORMATION | |
| fixed length control field | 160608r19651937enk b 001 0 eng d |
| 035 ## - SYSTEM CONTROL NUMBER | |
| System control number | (BD-RjUL)42131 |
| 040 ## - CATALOGING SOURCE | |
| Original cataloging agency | IBS |
| Transcribing agency | IBS |
| Modifying agency | m.c |
| Language of cataloging | eng |
| 041 ## - LANGUAGE CODE | |
| Language code of text/sound track or separate title | eng |
| 082 ## - DEWEY DECIMAL CLASSIFICATION NUMBER | |
| Classification number | 354.4201 |
| Author mark and year | DEV 1965 |
| 245 14 - TITLE STATEMENT | |
| Title | The development of dominion status, 1900-1936 / |
| Statement of responsibility, etc. | edited by Robert MacGregor Dawson |
| 260 ## - PUBLICATION, DISTRIBUTION, ETC. (IMPRINT) | |
| Place of publication, distribution, etc. | London : |
| Name of publisher, distributor, etc. | Cass, |
| Date of publication, distribution, etc. | 1965 |
| 300 ## - PHYSICAL DESCRIPTION | |
| Pagination | xiv, 466 p. ; |
| Size | 22 cm |
| 500 ## - GENERAL NOTE | |
| General note | "First edition 1937." |
| 504 ## - BIBLIOGRAPHY, ETC. NOTE | |
| Bibliography, etc | Includes bibliographical footnotes and index |
| 650 #0 - SUBJECT ADDED ENTRY--TOPICAL TERM | |
| Topical term or geographic name as entry element | Imperial federation |
| 9 (RLIN) | 129084 |
| Topical term or geographic name as entry element | Constitutional history |
| Geographic subdivision | Canada |
| 9 (RLIN) | 125160 |
| 651 #0 - SUBJECT ADDED ENTRY--GEOGRAPHIC NAME | |
| Geographic name | Great Britain |
| General subdivision | Colonies |
| -- | Administration |
| 9 (RLIN) | 128308 |
| Geographic name | Great Britain |
| General subdivision | Colonies |
| -- | Administration |
| -- | Sources |
| 9 (RLIN) | 129153 |
| 700 ## - ADDED ENTRY--PERSONAL NAME | |
| Personal name | Dawson, Robert MacGregor, editor |
| 942 ## - ADDED ENTRY ELEMENTS (KOHA) | |
| Source of classification or shelving scheme | Dewey Decimal Classification |
| Koha item type | Books |
| Lost status | Source of classification or shelving scheme | Damaged status | Not for loan | Collection code | Permanent Location | Current Location | Shelving location | Date acquired | Source of acquisition | Cost, normal purchase price | Total Checkouts | Full call number | Date last seen | Copy number | Koha item type |
|---|---|---|---|---|---|---|---|---|---|---|---|---|---|---|---|
| Dewey Decimal Classification | Non-fiction | Central Library, University of Rajshahi | Central Library, University of Rajshahi | 09/07/1968 | Sweets ana Zait. | 63.00 | 354.4201 DEV 1965 | 08/06/2016 | C-2 | Books |